Größte Flughäfen der Welt - Statistiken

Allgemein
  • Dieses Quiz wurde 142 mal gespielt
  • Das Durchschnittsergebnis liegt bei 13 aus 20
Antwortstatistiken
Passagiere Flughafen % Korrekt
62.464.331 New York John F. Kennedy
96%
79.183.364 London Heathrow
95%
59.355.389 Frankfurt Main
94%
67.421.316 Paris Charles de Gaulle
92%
78.719.302 Tokio Haneda
85%
75.050.875 Los Angeles
80%
76.027.321 Istanbul
72%
60.181.604 Madrid-Barajas
72%
104.653.451 Atlanta Hartsfield–Jackson
71%
86.994.365 Dubai
71%
61.889.586 Amsterdam Schiphol
67%
73.894.226 Chicago O’Hare
67%
58.946.000 Singapur
55%
81.755.538 Dallas/Fort Worth
48%
72.214.841 Delhi Indira Gandhi
47%
56.235.412 Seoul Incheon
47%
57.666.456 Las Vegas Harry Reid
33%
77.837.917 Denver
31%
63.169.169 Guangzhou Baiyun
31%
57.735.726 Orlando
14%
Keine übereinstimmenden Quizze gefunden
Verteilung der Resultate
Anzahl Personen mit jedem Resultat
Perzentil nach korrekt beantworteten Fragen
Ihre Resultats-Entwicklung
Sie haben dieses Quiz noch nicht gespielt